[Event "AUTO-INT-479"]
[Site "http://www.queenalice.com/game.php?id=219695"]
[Date "2007.6.2"]
[Round "1"]
[White "groo"]
[Black "Zagonel"]
[Result "0-1"]
[WhiteElo "1511"]
[BlackElo "1368"]

1. d4 d6 2. e4 g6 3. c4 Nf6 4. Bd3 Nc6 5. Nf3 Ng4 6. O-O f5 7. exf5 gxf5 8. Nc3
e5 9. dxe5 dxe5 10. Bg5 Be7 11. Bxe7 Qxe7 12. Re1 Qc5 13. Re2 e4 14. Bxe4 O-O
15. Bxc6 bxc6 16. Qb3 Be6 17. Rxe6 Qxf2+ 18. Kh1 Ne3 19. c5 Qxg2# 0-1

[Event "AUTO-INT-479"]
[Site "http://www.queenalice.com/game.php?id=219696"]
[Date "2007.6.2"]
[Round "1"]
[White "Zagonel"]
[Black "txukahamae"]
[Result "0-1"]
[WhiteElo "1346"]
[BlackElo "1598"]

1. e3 d5 2. Qf3 Nf6 3. Bb5+ Bd7 4. Bd3 e5 5. e4 dxe4 6. Bxe4 Nxe4 7. Qxe4 Nc6 8.
Qd5 Be7 9. Nf3 Bd6 10. h4 O-O 11. Ng5 Qf6 12. Qe4 Bf5 13. Qc4 h6 14. Nf3 e4 15.
Ng1 Qe6 16. Qe2 Bg4 17. f3 exf3 18. gxf3 Qxe2+ 19. Nxe2 Bxf3 20. Nbc3 Bxh1 21.
d4 Rfe8 22. Bd2 Bf3 23. O-O-O Bxe2 24. Nxe2 Rxe2 25. Bc3 Rae8 26. d5 Ne7 27. Rg1
Nxd5 28. Rxg7+ Kf8 29. Rh7 Bf4+ 30. Kd1 Nxc3+ 31. bxc3 Re1# 0-1

[Event "AUTO-INT-479"]
[Site "http://www.queenalice.com/game.php?id=219697"]
[Date "2007.6.2"]
[Round "1"]
[White "txukahamae"]
[Black "Zagonel"]
[Result "1-0"]
[WhiteElo "1632"]
[BlackElo "1330"]

1. d4 d6 2. c4 Nf6 3. Nf3 Ng4 4. Nc3 c6 5. e3 Qb6 6. Qb3 Qc7 7. Be2 c5 8. O-O e5
9. Bd2 exd4 10. exd4 cxd4 11. Nxd4 d5 12. g3 Bd6 13. Rfe1 O-O 14. cxd5 Bc5 15.
Be3 Qd6 16. Bxg4 Bxg4 17. Qxb7 Nd7 18. Qc6 Qe7 19. Bf4 Qd8 20. Nb3 Rc8 21. Qa4
Nb6 22. Qe4 Be7 23. Qxe7 Qxe7 24. Rxe7 Bh3 25. Nd4 Nc4 26. b3 Na3 27. Nce2 Rcd8
28. d6 h6 29. Nc6 Rc8 30. Nxa7 Nc2 31. Nxc8 Nxa1 32. d7 Bxd7 33. Rxd7 Re8 34.
Rd1 Rxe2 35. Rxa1 g5 36. Be3 Rc2 37. Nb6 f5 38. a4 Kg7 39. a5 Kg6 40. a6 Rc7 41.
a7 Rxa7 42. Rxa7 f4 43. Bxf4 gxf4 44. gxf4 Kf5 45. Re7 Kxf4 46. Kg2 h5 47. Nd5+
Kg4 48. b4 h4 49. h3+ Kg5 50. b5 Kf5 51. b6 Kg5 52. b7 Kg6 53. b8=Q Kh5 54. Qf8
Kg6 55. Rg7+ Kh6 56. Qh8# 1-0

[Event "AUTO-INT-479"]
[Site "http://www.queenalice.com/game.php?id=219698"]
[Date "2007.6.2"]
[Round "1"]
[White "Zagonel"]
[Black "zecafernandes"]
[Result "0-1"]
[WhiteElo "1400"]
[BlackElo "1449"]

1. e3 e5 2. Bc4 Nf6 3. Qe2 e4 4. Bb3 d5 5. Qb5+ c6 6. Qe2 Bg4 7. f3 exf3 8. gxf3
Bf5 9. c4 Na6 10. cxd5 cxd5 11. Qb5+ Bd7 12. Qxb7 Nc5 13. Qb4 Nd3+ 14. Kd1 Nxb4
15. Na3 Nd3 16. e4 Nf2+ 17. Ke1 Nxh1 18. exd5 Qe7+ 19. Ne2 Nh5 20. Nc4 Qc5 21.
d4 Qb4+ 22. Bd2 Qe7 23. d6 Qf6 24. d5 Qxf3 25. Be3 Qg2 26. Kd2 Qxh2 27. Ne5 Qxe5
28. Bd4 Qg5+ 29. Be3 Qe5 30. Rb1 Bxd6 31. Rxh1 Qxb2+ 32. Bc2 Bb4+ 33. Kd1 Qa1+
34. Bc1 Bg4 35. Ba4+ Ke7 36. Rh4 f5 37. Bc6 Ba3 38. Bxa8 Rxa8 39. Kd2 Qxa2+ 40.
Ke3 Qxe2+ 41. Kd4 Bxc1 42. Rxh5 Qe3+ 43. Kc4 Rc8+ 44. Kb5 Qc5+ 45. Ka4 Qa3+ 46.
Kb5 Qc5+ 47. Ka4 Bd1# 0-1

[Event "AUTO-INT-479"]
[Site "http://www.queenalice.com/game.php?id=219699"]
[Date "2007.6.2"]
[Round "1"]
[White "zecafernandes"]
[Black "Zagonel"]
[Result "1/2-1/2"]
[WhiteElo "1430"]
[BlackElo "1425"]

1. e4 e6 2. e5 Bc5 3. Nf3 Bb6 4. d4 Qe7 5. a3 c5 6. dxc5 Qxc5 7. Be3 Qa5+ 8. b4
Qd5 9. Bd3 a5 10. Bxb6 axb4 11. a4 Nc6 12. O-O Nh6 13. c3 Nxe5 14. Nxe5 Qxe5 15.
Re1 Qg5 16. cxb4 Nf5 17. Re5 d6 18. Be3 Qf6 19. Bb5+ Kf8 20. g4 Qxe5 21. gxf5
exf5 22. Qd2 f4 23. Bxf4 Qe6 24. Bxd6+ Kg8 25. Nc3 b6 26. Re1 Qg4+ 27. Bg3 Bb7
28. Qe3 h6 29. Bd3 Qxb4 30. Qe8+ Rxe8 31. Rxe8+ Qf8 32. Rxf8+ Kxf8 33. Bd6+ Ke8
34. Bb5+ Kd8 35. Ne2 Kc8 36. Nd4 Rd8 37. Nf5 Rxd6 38. Nxd6+ Kc7 39. Nxf7 Bc6 40.
Bxc6 Kxc6 41. Ne5+ Kc5 42. Nd7+ Kc6 43. Ne5+ Kc5 44. Nd7+ Kb4 45. Nxb6 Ka5 46.
Nd5 Kxa4 47. Ne7 g5 48. Ng6 h5 49. Kg2 h4 50. Kh3 Kb4 51. Kg4 Kc4 52. Kxg5 h3
53. f4 Kd4 54. Kg4 Ke3 55. Kxh3 Kf3 56. Kh4 Kg2 57. h3 Kh2 58. f5 Kh1 59. Kg4
Kg2 60. h4 Kh2 61. f6 Kg2 62. f7 Kh2 63. f8=Q Kg2 64. Qf3+ Kg1 65. Kg3 1/2-1/2

[Event "Challenge"]
[Site "http://www.queenalice.com/game.php?id=220068"]
[Date "2007.6.2"]
[Round "-"]
[White "MariaClara"]
[Black "Zagonel"]
[Result "0-1"]
[WhiteElo "1313"]
[BlackElo "1425"]

1. e4 e6 2. d4 Bb4+ 3. Bd2 Bd6 4. e5 Be7 5. Bc4 d5 6. Bb3 c5 7. dxc5 Bxc5 8. Nf3
f6 9. O-O fxe5 10. Bg5 Nf6 11. Nxe5 O-O 12. Nc3 d4 13. Ne4 h6 14. Bh4 g5 15. Bg3
Nxe4 16. Nd3 Qf6 17. Nxc5 Nxc5 18. Bc4 d3 19. cxd3 Qxb2 20. Bd6 Rf7 21. Rb1 Qd4
22. Bc7 Rxc7 23. Qe2 Re7 24. Rb5 a6 25. Rb6 Nbd7 26. Rbb1 b5 27. Bb3 Bb7 28.
Rbc1 Qd6 29. Bc2 Qd5 30. Rcd1 Qxg2# 0-1

[Event "Challenge"]
[Site "http://www.queenalice.com/game.php?id=222821"]
[Date "2007.6.9"]
[Round "-"]
[White "segat"]
[Black "Zagonel"]
[Result "0-1"]
[WhiteElo "1197"]
[BlackElo "1309"]

1. e4 e6 2. d4 c5 3. dxc5 Bxc5 4. Nc3 Qf6 5. Nf3 h6 6. e5 Qf5 7. Nb5 g5 8. Nc7+
Kd8 9. Nxa8 g4 10. Ng1 Qxf2# 0-1

[Event "Challenge"]
[Site "http://www.queenalice.com/game.php?id=224714"]
[Date "2007.6.14"]
[Round "-"]
[White "claudiocaire"]
[Black "Zagonel"]
[Result "0-1"]
[WhiteElo "1553"]
[BlackElo "1326"]

1. e4 e5 2. Qh5 d6 3. Qf3 Nf6 4. Bc4 Qd7 5. h3 Qc6 6. Na3 Be7 7. Bb5 Qxb5 8.
Nxb5 Bd8 9. Qg3 Nh5 10. Qa3 Nc6 11. Qa4 O-O 12. g4 Nf4 13. d4 exd4 14. Bxf4 a6
15. Nxd4 Na7 16. Nf5 b5 17. Qd4 Bf6 18. e5 Nc6 19. Qd5 Nb4 20. Qxa8 Nxc2+ 21.
Kd2 Nxa1 22. Qxa6 Bxa6 23. Nf3 dxe5 24. Bxe5 Bxe5 25. Nxe5 Rd8+ 26. Ke3 Nc2+ 27.
Ke2 b4+ 28. Kf3 Re8 29. Re1 Nxe1+ 30. Kf4 Ng2+ 31. Ke4 f6 32. Kf3 Ne1+ 33. Kf4
fxe5+ 34. Kg5 Nf3+ 35. Kh5 g6+ 36. Kh6 gxf5 37. gxf5 Rf8 38. h4 Nxh4 39. f4 exf4
40. a3 bxa3 41. bxa3 Nxf5+ 42. Kg5 Nd4 43. a4 Rf5+ 44. Kg4 Be2+ 45. Kh4 h6 46.
a5 Rxa5 47. Kh3 Rh5+ 48. Kg2 f3+ 49. Kg3 Nf5+ 50. Kg4 f2+ 51. Kf4 f1=Q+ 52. Ke5
Ng7+ 53. Ke4 Qf3+ 54. Kd4 Rh4+ 55. Ke5 Qf4+ 56. Kd5 Rh5+ 57. Kc6 Qd6+ 58. Kb7
Rb5+ 59. Kc8 Bg4# 0-1

[Event "QA-ANNIV-03"]
[Site "http://www.queenalice.com/game.php?id=225628"]
[Date "2007.6.15"]
[Round "1"]
[White "Zagonel"]
[Black "reijf_Dornelas"]
[Result "0-1"]
[WhiteElo "1386"]
[BlackElo "1645"]

1. e3 e5 2. Bc4 Bc5 3. Qf3 Qf6 4. Qd5 d6 5. Nf3 c6 6. Qd3 d5 7. Bb3 e4 8. Qc3
exf3 9. gxf3 Qxc3 10. dxc3 Nd7 11. e4 dxe4 12. fxe4 Ngf6 13. Nd2 Ng4 14. O-O O-O
15. Nf3 Nde5 16. Ng5 h6 17. Bxf7+ Rxf7 18. Nxf7 Kxf7 19. Kg2 Be6 20. Bf4 g5 21.
Bg3 h5 22. h3 h4 23. hxg4 hxg3 24. fxg3+ Kg6 25. Rh1 Nxg4 26. b4 Bb6 27. a4 Ne3+
28. Kf2 Nxc2+ 29. Kg2 Nxa1 30. a5 Bc7 31. Rxa1 Rf8 32. g4 Bxg4 33. a6 b6 34. c4
Rf4 35. Kg3 Rxe4+ 36. Kf2 Rxc4 37. Rb1 Bf5 38. Re1 Rxb4 39. Rc1 Rb2+ 40. Kf1
Bh3+ 41. Kg1 c5 42. Re1 c4 43. Rc1 b5 44. Ra1 c3 45. Rc1 c2 46. Rxc2 Rxc2 47.
Kh1 g4 48. Kg1 g3 49. Kh1 Rc1# 0-1

[Event "De novo..."]
[Site "http://www.queenalice.com/game.php?id=230763"]
[Date "2007.6.26"]
[Round "-"]
[White "Zagonel"]
[Black "tche_elvio"]
[Result "0-1"]
[WhiteElo "1413"]
[BlackElo "1495"]

1. e3 d5 2. c4 e6 3. Qa4+ Bd7 4. Qb3 Nf6 5. Qxb7 Nc6 6. cxd5 Nxd5 7. Bb5 Be7 8.
Qa6 Ndb4 9. Qa3 Nc2+ 10. Kd1 Nxa3 11. bxa3 Bf6 12. Ne2 Bxa1 13. d4 a6 14. Bc4
Rb8 15. Kc2 Qf6 16. Rd1 Na5 17. Bxa6 Ba4+ 18. Kd2 Bxd1 19. Kxd1 Bb2 20. Bd2 e5
21. dxe5 Qxa6 22. Nf4 Qf1+ 23. Kc2 Nc4 24. e6 Nxa3+ 25. Nxa3 Bxa3 26. exf7+ Kxf7
27. Nd5 Rb2+ 28. Kc3 Qxf2 29. Nxc7 Qxd2+ 30. Kc4 Qb4+ 31. Kd3 Rd8+ 32. Nd5 Rxd5#
0-1

[Event "Challenge"]
[Site "http://www.queenalice.com/game.php?id=234844"]
[Date "2007.7.5"]
[Round "-"]
[White "eduardofelix"]
[Black "Zagonel"]
[Result "0-1"]
[WhiteElo "1523"]
[BlackElo "1392"]

1. e4 e6 2. Nf3 g5 3. Ne5 Qf6 4. Ng4 Qf4 5. d3 Qd6 6. Bxg5 Qd4 7. Bf6 Nxf6 8. c3
Qb6 9. Nxf6+ Ke7 10. Qf3 Qxb2 11. Qe2 Qxa1 12. Qc2 Kxf6 13. Be2 Ba3 14. O-O Qb2
15. Bd1 Qxc2 16. Bxc2 Bd6 17. d4 e5 18. f4 exd4 19. e5+ Ke6 20. Bb3+ Ke7 21.
exd6+ cxd6 22. cxd4 Nc6 23. Re1+ Kd8 24. d5 Nd4 25. Bd1 Rg8 26. Re4 Nf5 27. Bg4
Rxg4 28. Nd2 h5 29. h3 Rh4 30. Nf3 b5 31. Nxh4 Nxh4 32. Rb4 a6 33. a4 bxa4 34.
Rxa4 Bb7 35. Rd4 a5 36. Kh2 a4 37. Kg3 Nf5+ 38. Kf3 Nxd4+ 39. Ke4 Nc2 40. g4
hxg4 41. hxg4 Nb4 42. Kf5 Bxd5 43. g5 Ra5 0-1

[Event "Challenge"]
[Site "http://www.queenalice.com/game.php?id=237347"]
[Date "2007.7.10"]
[Round "-"]
[White "eduardofelix"]
[Black "Zagonel"]
[Result "1-0"]
[WhiteElo "1550"]
[BlackElo "1437"]

1. e4 e6 2. a3 Bc5 3. Nh3 Qf6 4. d3 Ne7 5. Qe2 d5 6. Bf4 e5 7. Bg5 Qe6 8. Nd2 f6
9. Bh4 g5 10. Nb3 Bb6 11. Bg3 h5 12. f3 dxe4 13. dxe4 g4 14. Ng1 gxf3 15. Nxf3
Nbc6 16. O-O-O Bd7 17. h4 O-O-O 18. Kb1 f5 19. Ng5 Qg6 20. Qc4 fxe4 21. Qxe4 Bf5
22. Qe2 Rxd1+ 23. Qxd1 Bxc2+ 24. Qxc2 Qxc2+ 25. Kxc2 Nf5 26. Bxe5 Nxe5 27. Kb1
Ng3 28. Rh3 Nxf1 29. Nf3 Nd3 30. Nfd2 Rf8 31. Rxd3 Nh2 32. Nf3 Ng4 33. Rd5 Ne3
34. Rd2 Rg8 35. Ne1 a5 36. a4 Nc4 37. Rc2 Rg4 38. Nf3 Be3 39. Re2 c6 40. Nbd2 b5
41. Nxc4 bxc4 42. Rxe3 Rxg2 43. Rc3 Rg3 44. Nd4 Rg1+ 45. Rc1 Rg4 46. Nxc6 Rxh4
47. Nxa5 c3 48. Rxc3+ Kd7 49. Ka2 Rxa4+ 50. Ra3 Rxa3+ 51. bxa3 h4 52. Nc4 h3 53.
Ne5+ Kd6 54. Nf3 Kd5 55. a4 Ke6 56. Ng5+ Kd6 57. Nxh3 Kc6 58. Kb3 Kb6 59. Kb4
Ka6 60. a5 Ka7 61. Kb5 Kb7 62. a6+ Ka7 63. Nf4 Ka8 64. Kb6 Kb8 65. Nd5 Kc8 66.
a7 Kd7 67. a8=Q Ke6 68. Kc5 Ke5 69. Qe8+ Kf5 70. Kd4 Kg5 71. Qe6 Kh4 72. Qg6 Kh3
73. Qg5 Kh2 74. Nf4 Kh1 75. Qg2# 1-0

[Event "Challenge"]
[Site "http://www.queenalice.com/game.php?id=239873"]
[Date "2007.7.14"]
[Round "-"]
[White "tche_elvio"]
[Black "Zagonel"]
[Result "1-0"]
[WhiteElo "1546"]
[BlackElo "1426"]

1. d4 e6 2. Nf3 Bb4+ 3. Bd2 Qe7 4. a3 Bd6 5. e4 c5 6. Be2 cxd4 7. Nxd4 Be5 8.
Bc3 Nf6 9. Nd2 O-O 10. O-O d5 11. exd5 exd5 12. N2f3 Ng4 13. Nxe5 Qxe5 14. Bxg4
Bxg4 15. Qxg4 h5 16. Rfe1 Qxe1+ 17. Rxe1 hxg4 18. g3 Nd7 19. Nf5 Nf6 20. Ne7+
Kh8 21. Bxf6 gxf6 22. Nxd5 Rad8 23. c4 b5 24. Ne3 Rfe8 25. cxb5 f5 26. Kg2 Rd2
27. Rd1 Rxb2 28. Nxf5 Rxb5 29. Nd6 Reb8 30. Nxb5 Rxb5 31. Rd7 Kg7 32. Rxa7 Rh5
33. a4 Kg6 34. f4 f6 35. Rb7 Ra5 36. Rb5 Rxa4 37. h4 f5 38. h5+ Kh6 39. Rxf5
Ra2+ 40. Kf1 Rh2 41. Ra5 Rh3 42. Kf2 Rxh5 43. f5 Rg5 44. Ra6+ Kg7 45. f6+ Kf7
46. Ke3 Rf5 47. Ke4 Rf3 48. Ke5 Re3+ 49. Kf4 Rf3+ 50. Kxg4 Rxf6 51. Rxf6+ Kxf6
52. Kf4 Kg6 53. g4 Kg7 54. Kf5 Kf7 55. g5 Kg7 56. g6 Kg8 57. Kg5 Kg7 58. Kh5 Kh8
59. Kh6 Kg8 60. g7 Kf7 61. Kh7 Kf6 62. g8=Q Ke7 63. Qg6 Kf8 64. Qf6+ Ke8 65. Qg7
Kd8 66. Kg6 Kc8 67. Kf6 Kb8 68. Ke6 Kc8 69. Kd6 Kb8 70. Kc6 Ka8 71. Qb7# 1-0

[Event "QA-ANNIV-03"]
[Site "http://www.queenalice.com/game.php?id=270073"]
[Date "2007.9.11"]
[Round "3"]
[White "michas"]
[Black "Zagonel"]
[Result "1-0"]
[WhiteElo "1719"]
[BlackElo "1415"]

1. h4 e6 2. h5 Qf6 3. d4 c5 4. Nf3 Nc6 5. dxc5 Bxc5 6. Bg5 Qf5 7. e3 Qe4 8. Rh4
Bb4+ 9. c3 Qd5 10. Qxd5 exd5 11. cxb4 h6 12. Bf4 g5 13. hxg6 fxg6 14. Rh1 Nxb4
15. Na3 g5 16. Be5 Rh7 17. Nxg5 Re7 18. Bd6 Rg7 19. Nf3 Rg6 20. Bxb4 a5 21. Bc3
b6 22. Ne5 Re6 23. Ng4 Bb7 24. Bd4 O-O-O 25. Bb5 Rg6 26. Rc1+ Kb8 27. f3 Re6 28.
Rh5 Rg6 29. Kf2 Ne7 30. Bd3 Nc6 31. Bxb6 Rf8 32. Bxg6 Nb4 33. Bc5 Nd3+ 34. Kg1
Nxc1 35. Bxf8 Ne2+ 36. Kf2 Nc1 37. Bd6+ Kc8 38. Rxh6 1-0

[Event "Elvio"]
[Site "http://www.queenalice.com/game.php?id=276138"]
[Date "2007.9.23"]
[Round "1"]
[White "Zagonel"]
[Black "tche_elvio"]
[Result "0-1"]
[WhiteElo "1411"]
[BlackElo "1487"]

1. e3 a6 2. Qg4 d6 3. Qd4 Nc6 4. Qd5 Nb4 5. Qc4 Nc6 6. Qf4 Nf6 7. Bc4 e5 8. Qg5
h6 9. Qg3 d5 10. Bd3 e4 11. Be2 Nb4 12. Bd1 Qd6 13. f4 exf3 14. gxf3 Qxg3+ 15.
hxg3 Bd6 16. f4 Ne4 17. Ne2 Bg4 18. c3 Nd3+ 19. Kf1 Bxe2+ 20. Bxe2 Nxg3+ 21. Kg2
Nxh1 22. Kxh1 Nxc1 23. b4 Nxe2 24. Na3 b5 25. Re1 Ng3+ 26. Kh2 Ne4 27. d3 Nxc3
28. e4 Bxf4+ 29. Kg2 Nxa2 30. exd5+ Kd7 31. Rf1 g5 32. Kh3 Nxb4 33. d4 Nxd5 34.
Nc2 Rae8 35. Ne1 Re3+ 36. Kg4 f5+ 37. Kxf5 Rf8+ 38. Kg6 Re6+ 39. Kg7 Bd6 40.
Rxf8 Bxf8+ 41. Kxf8 Rxe1 42. Kg7 g4 43. Kxh6 g3 44. Kh5 g2 45. Kh4 g1=Q 46. Kh3
Qf2 47. Kg4 Rg1+ 48. Kh3 Qg3# 0-1

[Event "Challenge"]
[Site "http://www.queenalice.com/game.php?id=283591"]
[Date "2007.10.9"]
[Round "-"]
[White "MLGF"]
[Black "Zagonel"]
[Result "1-0"]
[WhiteElo "1462"]
[BlackElo "1408"]

1. e4 e6 2. Nc3 Bc5 3. d4 Bb4 4. Bd2 c5 5. Nf3 cxd4 6. Nxd4 Bc5 7. Ncb5 a6 8.
Nc3 Bxd4 9. Qf3 Qb6 10. b3 Nc6 11. Be2 Nb4 12. O-O Nxc2 13. Rac1 Nb4 14. Bc4 Nf6
15. Bh6 O-O 16. Qg3 Nh5 17. Qg5 Kh8 18. Qe7 Bc5 19. Na4 Nxa2 20. Ra1 Nb4 21.
Nxc5 Nc2 22. Qxf8# 1-0

[Event "Elvio"]
[Site "http://www.queenalice.com/game.php?id=322839"]
[Date "2007.12.19"]
[Round "3"]
[White "Zagonel"]
[Black "Alessandra"]
[Result "1-0"]
[WhiteElo "1408"]
[BlackElo "1252"]

1. e3 Nf6 2. Bc4 d5 3. Bb5+ Bd7 4. Qe2 a6 5. Bd3 Bb5 6. Bxb5+ axb5 7. Qxb5+ c6
8. Qxb7 Ra4 9. b3 Re4 10. Nc3 Re6 11. Ba3 Nfd7 12. O-O-O g6 13. f3 Bh6 14. b4
Bg7 15. b5 O-O 16. bxc6 Nxc6 17. Nxd5 Nf6 18. e4 Bh6 19. Nh3 Nxd5 20. exd5 Qxd5
21. Qb2 Rb8 22. Qc3 Qxa2 23. Bb2 Bxd2+ 24. Rxd2 Rd6 25. Qh8# 1-0